[Event "4. Mem- Oliver Gonzalez 2015 - Torneo B"]
[Site "Madrid ESP"]
[Date "2015.10.10"]
[Round "1.1"]
[White "Lizon Martinez, Santiago"]
[Black "Baldwin Del Castillo, Ricardo"]
[Result "1/2-1/2"]
[WhiteElo "1671"]
[BlackElo "1980"]
[PlyCount "76"]
[EventDate "2015.10.10"]
[EventType "swiss"]
[EventRounds "9"]
[EventCountry "ESP"]
[Source "lmi"]
[SourceDate "2015.10.10"]

1. e4 e5 2. Nf3 Nc6 3. Bb5 a6 4. Ba4 Nf6 5. d3 b5 6. Bb3 Be7 7. O-O d5 8. exd5
Nxd5 9. Qe2 Bf6 10. Qe4 Nce7 11. Bxd5 Qxd5 12. Nc3 Qb7 13. Bg5 b4 14. Bxf6 gxf6
15. Qxb7 Bxb7 16. Ne4 Nd5 17. Rfe1 Ke7 18. d4 Nf4 19. dxe5 f5 20. Ng3 Rag8 21.
Nxf5+ Ke8 22. Ng3 h5 23. h4 Rg4 24. Re3 Rhg8 25. Kf1 a5 26. Rd1 Ba6+ 27. Kg1
Bb7 28. Kf1 Bxf3 29. Rxf3 Rxh4 30. Rd4 Nxg2 31. Rxh4 Nxh4 32. Rf6 Rg5 33. Rh6
Rxe5 34. Rxh5 Rxh5 35. Nxh5 Nf3 36. Ke2 Nd4+ 37. Kd3 Ne6 38. Nf6+ Ke7 1/2-1/2

[Event "4. Mem- Oliver Gonzalez 2015 - Torneo B"]
[Site "Madrid ESP"]
[Date "2015.10.10"]
[Round "1.2"]
[White "Cruz Monzon, Jose"]
[Black "Martinez Miura, Enrique"]
[Result "1-0"]
[WhiteElo "1941"]
[BlackElo "1669"]
[PlyCount "49"]
[EventDate "2015.10.10"]
[EventType "swiss"]
[EventRounds "9"]
[EventCountry "ESP"]
[Source "lmi"]
[SourceDate "2015.10.10"]

1. d4 e6 2. c4 d5 3. Nc3 Nf6 4. cxd5 exd5 5. Bg5 Be7 6. e3 c6 7. Bd3 O-O 8. Qc2
Nbd7 9. Nge2 b6 10. f3 Bb7 11. O-O h6 12. Bh4 Rc8 13. e4 dxe4 14. fxe4 Re8 15.
e5 Nd5 16. Bh7+ Kh8 17. Rxf7 Bxh4 18. Qg6 Rg8 19. Bxg8 Qxg8 20. Rxd7 Rc7 21.
Rxc7 Nxc7 22. Nf4 Bg5 23. Rf1 Ba6 24. Qe4 Bxf1 25. Ng6+ 1-0

[Event "4. Mem- Oliver Gonzalez 2015 - Torneo B"]
[Site "Madrid ESP"]
[Date "2015.10.10"]
[Round "1.3"]
[White "Vazquez Cabeza, Isaac"]
[Black "Vazquez Gonzalez, Francisco"]
[Result "0-1"]
[WhiteElo "1662"]
[BlackElo "1929"]
[PlyCount "74"]
[EventDate "2015.10.10"]
[EventType "swiss"]
[EventRounds "9"]
[EventCountry "ESP"]
[Source "lmi"]
[SourceDate "2015.10.10"]

1. c4 f5 2. d4 Nf6 3. Nc3 d6 4. Nf3 g6 5. g3 Bg7 6. Bg2 O-O 7. O-O Qe8 8. Qb3
c6 9. Rd1 h6 10. d5 cxd5 11. Nxd5 Nxd5 12. cxd5 Nd7 13. Be3 Nf6 14. Nd4 a6 15.
Ne6 Bxe6 16. dxe6 Ng4 17. Bd4 f4 18. Bxg7 Kxg7 19. Qc3+ Kh7 20. Bxb7 fxg3 21.
Qxg3 Rb8 22. Qxg4 Rxb7 23. b3 Rb5 24. h4 Rbf5 25. f3 Rf4 26. Qg3 Qb5 27. Re1
Qf5 28. Rac1 Qxe6 29. Rc6 a5 30. Ra6 R4f5 31. Qf2 R8f7 32. Rc1 Re5 33. e4 Rxe4
34. Ra8 Re2 35. Qd4 Rf6 36. Rac8 Re1+ 37. Kg2 Qe2+ 0-1

[Event "4. Mem- Oliver Gonzalez 2015 - Torneo B"]
[Site "Madrid ESP"]
[Date "2015.10.10"]
[Round "1.4"]
[White "Villacorta Nicolas, David"]
[Black "Cabedo Marquez, Ramon"]
[Result "1-0"]
[WhiteElo "1928"]
[BlackElo "1656"]
[PlyCount "117"]
[EventDate "2015.10.10"]
[EventType "swiss"]
[EventRounds "9"]
[EventCountry "ESP"]
[Source "lmi"]
[SourceDate "2015.10.10"]

1. e4 e5 2. Nf3 Nc6 3. Bb5 d6 4. d4 Bd7 5. d5 Nb8 6. Bxd7+ Nxd7 7. Nc3 Ngf6 8.
O-O Be7 9. Nd2 c6 10. Nc4 b5 11. dxc6 bxc4 12. cxd7+ Qxd7 13. Qe2 Qc6 14. Bg5
Ng8 15. Be3 Nf6 16. f3 h6 17. Rfd1 O-O 18. Qf2 a6 19. Rac1 Bd8 20. b3 Rb8 21.
Na4 Nd7 22. Qd2 Bc7 23. Nc3 Nf6 24. Nd5 Nxd5 25. Qxd5 Qxd5 26. Rxd5 Bb6 27. Kf2
Bxe3+ 28. Kxe3 Rfd8 29. Rcd1 cxb3 30. cxb3 Rb6 31. Rxe5 Kf8 32. Red5 Ke7 33. e5
f6 34. Rxd6 Rbxd6 35. Rxd6 Rxd6 36. exd6+ Kxd6 37. Kd4 Kc6 38. Kc4 h5 39. h4 g5
40. hxg5 fxg5 41. b4 g4 42. fxg4 hxg4 43. a4 Kb6 44. b5 axb5+ 45. axb5 g3 46.
Kb4 Kb7 47. Kc5 Kc7 48. Kd4 Kb6 49. Ke3 Kxb5 50. Kf3 Kc6 51. Kxg3 Kd7 52. Kh4
Ke7 53. Kh5 Kf7 54. Kh6 Kg8 55. g4 Kh8 56. g5 Kg8 57. Kg6 Kh8 58. Kf7 Kh7 59.
g6+ 1-0

[Event "4. Mem- Oliver Gonzalez 2015 - Torneo B"]
[Site "Madrid ESP"]
[Date "2015.10.10"]
[Round "1.5"]
[White "Martin Diaz, Juan"]
[Black "Rives Higueras, Alan"]
[Result "0-1"]
[WhiteElo "1625"]
[BlackElo "1900"]
[PlyCount "96"]
[EventDate "2015.10.10"]
[EventType "swiss"]
[EventRounds "9"]
[EventCountry "ESP"]
[Source "lmi"]
[SourceDate "2015.10.10"]

1. d4 Nf6 2. Nf3 d5 3. Bg5 e6 4. e3 c5 5. c3 Be7 6. Bd3 Nc6 7. Nbd2 b6 8. O-O
O-O 9. Ne5 Nxe5 10. dxe5 Nd7 11. Bxe7 Qxe7 12. f4 f6 13. exf6 Rxf6 14. Nf3 Bb7
15. Qb1 Rh6 16. Ng5 Nf6 17. Qe1 e5 18. e4 exf4 19. exd5 Qxe1 20. Raxe1 Bxd5 21.
c4 Bc6 22. Rxf4 Rd8 23. Bf5 Rd2 24. Rf2 Rxf2 25. Kxf2 Rh5 26. Be6+ Kf8 27. Nh3
Rh4 28. b3 Rd4 29. Re2 Ne4+ 30. Ke3 Nc3 31. Rf2+ Ke7 32. Bg8 Nd1+ 33. Ke2 Nxf2
34. Nxf2 Rh4 35. h3 Bxg2 36. Ke3 Bxh3 37. Bd5 Be6 38. Be4 Rh2 39. a4 g5 40. Kf3
h5 41. Kg3 Rh4 42. Bc6 Rd4 43. Ne4 h4+ 44. Kg2 g4 45. Ng5 Rd2+ 46. Kf1 Bf5 47.
Ne4 Bxe4 48. Bxe4 Kf6 0-1

[Event "4. Mem- Oliver Gonzalez 2015 - Torneo B"]
[Site "Madrid ESP"]
[Date "2015.10.10"]
[Round "1.6"]
[White "Perez Reisler, Jose"]
[Black "Caravantes Camacho, Fernando"]
[Result "0-1"]
[WhiteElo "1894"]
[BlackElo "1613"]
[PlyCount "45"]
[EventDate "2015.10.10"]
[EventType "swiss"]
[EventRounds "9"]
[EventCountry "ESP"]
[Source "lmi"]
[SourceDate "2015.10.10"]

1. e4 e6 2. b3 Nc6 3. Bb2 e5 4. Nf3 d6 5. d4 Bg4 6. dxe5 Bxf3 7. Qxf3 Nxe5 8.
Qg3 Qe7 9. Nc3 c6 10. O-O-O O-O-O 11. Qe3 Kb8 12. f4 g6 13. fxe5 Bh6 14. Qxh6
Nxh6 15. exd6 Rxd6 16. Bd3 Rhd8 17. Ba3 Qg5+ 18. Kb1 R6d7 19. Bc1 Qe5 20. Ne2
Qh5 21. Nf4 Qe5 22. Rdf1 Qe7 23. a3 0-1

[Event "4. Mem- Oliver Gonzalez 2015 - Torneo B"]
[Site "Madrid ESP"]
[Date "2015.10.10"]
[Round "1.7"]
[White "Folgar Lopez, Angel"]
[Black "Laynez Aspenberg, Jose"]
[Result "0-1"]
[WhiteElo "1584"]
[BlackElo "1858"]
[PlyCount "63"]
[EventDate "2015.10.10"]
[EventType "swiss"]
[EventRounds "9"]
[EventCountry "ESP"]
[Source "lmi"]
[SourceDate "2015.10.10"]

1. d4 Nf6 2. Nf3 c5 3. Bf4 cxd4 4. Nxd4 e5 5. Bxe5 Qa5+ 6. c3 Qxe5 7. e3 Be7 8.
Nd2 O-O 9. N2f3 Qa5 10. Bd3 Nc6 11. O-O d5 12. h3 Ne4 13. Qc2 f5 14. b4 Nxd4
15. Nxd4 Qd8 16. Rad1 Qe8 17. Qb3 Kh8 18. Ne2 Nf6 19. Nf4 Bd7 20. Rc1 Ba4 21.
Qb2 Bb5 22. Bxb5 Qxb5 23. Ne6 Rfc8 24. Nd4 Qd7 25. Qc2 Ne4 26. Qb2 Bf6 27. Ne2
Rc4 28. f3 Nd6 29. Rfd1 Qe6 30. Nf4 Qxe3+ 31. Qf2 Qxf2+ 32. Kxf2 0-1

[Event "4. Mem- Oliver Gonzalez 2015 - Torneo B"]
[Site "Madrid ESP"]
[Date "2015.10.10"]
[Round "1.8"]
[White "Brana Pastor, Carlos"]
[Black "Martin Garcia, Francisco Javie"]
[Result "1-0"]
[WhiteElo "1858"]
[BlackElo "1578"]
[PlyCount "55"]
[EventDate "2015.10.10"]
[EventType "swiss"]
[EventRounds "9"]
[EventCountry "ESP"]
[Source "lmi"]
[SourceDate "2015.10.10"]

1. e4 c5 2. Nf3 d6 3. Bb5+ Bd7 4. Bxd7+ Qxd7 5. d4 cxd4 6. Nxd4 g6 7. O-O Bg7
8. c4 Nf6 9. Nc3 O-O 10. Bg5 Nc6 11. Nf3 Qd8 12. Qd2 Re8 13. Rad1 Rc8 14. Rfe1
Ng4 15. Nd5 Nge5 16. Nxe5 Bxe5 17. b3 a5 18. f4 Bg7 19. Kh1 Ra8 20. Re3 Nd4 21.
Rh3 Ne6 22. Bh6 Bh8 23. f5 Nc5 24. Qf4 e5 25. Qg4 Bg7 26. Bxg7 Kxg7 27. f6+ Kh8
28. Rxh7+ 1-0

[Event "4. Mem- Oliver Gonzalez 2015 - Torneo B"]
[Site "Madrid ESP"]
[Date "2015.10.10"]
[Round "1.9"]
[White "Wolf, Philipp"]
[Black "Menendez Hernandez, Jose"]
[Result "1/2-1/2"]
[WhiteElo "1476"]
[BlackElo "1845"]
[PlyCount "66"]
[EventDate "2015.10.10"]
[EventType "swiss"]
[EventRounds "9"]
[EventCountry "ESP"]
[Source "lmi"]
[SourceDate "2015.10.10"]

1. e4 c5 2. Nf3 g6 3. d4 cxd4 4. Nxd4 Nc6 5. Be3 Bg7 6. Nc3 Nf6 7. f3 O-O 8.
Qd2 d6 9. g4 Bd7 10. O-O-O a6 11. h4 h5 12. gxh5 Nxh5 13. Rg1 Ne5 14. Bh6 Bh8
15. Qg5 Kh7 16. Bxf8 Qxf8 17. f4 Bf6 18. Qg2 Nxf4 19. Qh2 Qh6 20. Kb1 Kg7 21.
Nce2 Nxe2 22. Bxe2 Qxh4 23. Qg2 Bh3 24. Nf5+ Bxf5 25. exf5 Qb4 26. fxg6 fxg6
27. Bd3 g5 28. c3 Qc5 29. Be4 Rb8 30. Rd5 Qe3 31. Rdd1 Qc5 32. Rd5 Qe3 33. Rdd1
Qc5 1/2-1/2

[Event "4. Mem- Oliver Gonzalez 2015 - Torneo B"]
[Site "Madrid ESP"]
[Date "2015.10.10"]
[Round "1.10"]
[White "Merino Araguas, Jose Javier"]
[Black "Martin Rodriguez, Jose Luis"]
[Result "1-0"]
[WhiteElo "1734"]
[BlackElo "1413"]
[PlyCount "87"]
[EventDate "2015.10.10"]
[EventType "swiss"]
[EventRounds "9"]
[EventCountry "ESP"]
[Source "lmi"]
[SourceDate "2015.10.10"]

1. d4 Nf6 2. c4 e6 3. Nf3 Bb4+ 4. Bd2 Qe7 5. g3 O-O 6. Nc3 Bxc3 7. Bxc3 Ne4 8.
Qc2 Nxc3 9. Qxc3 Nc6 10. Bg2 Qb4 11. Qxb4 Nxb4 12. Kd2 d5 13. a3 Nc6 14. Rhc1
Na5 15. Kc3 Nxc4 16. b3 Nd6 17. Kd2 Ne4+ 18. Ke1 c6 19. Ne5 f6 20. Nd3 f5 21.
e3 g5 22. f3 Nd6 23. Ke2 Rf7 24. f4 g4 25. h4 gxh3 26. Bxh3 Rg7 27. Rg1 Ne4 28.
g4 fxg4 29. Rxg4 Rxg4 30. Bxg4 Bd7 31. Ne5 Nf6 32. Bh3 Rf8 33. Nxd7 Nxd7 34.
Bxe6+ Rf7 35. Kf3 Kf8 36. Bxf7 Kxf7 37. Kg4 Nf6+ 38. Kf5 Ne4 39. Ra2 h5 40. Rh2
b6 41. Ke5 b5 42. Rxh5 Kg6 43. Rh2 a5 44. Rc2 1-0

[Event "4. Mem- Oliver Gonzalez 2015 - Torneo B"]
[Site "Madrid ESP"]
[Date "2015.10.10"]
[Round "1.11"]
[White "Galdeano Williams, Tomas"]
[Black "Marin Aso, Jose Luis"]
[Result "0-1"]
[WhiteElo "1391"]
[BlackElo "1729"]
[PlyCount "74"]
[EventDate "2015.10.10"]
[EventType "swiss"]
[EventRounds "9"]
[EventCountry "ESP"]
[Source "lmi"]
[SourceDate "2015.10.10"]

1. e4 c5 2. Nf3 e6 3. Nc3 a6 4. d4 cxd4 5. Nxd4 Nc6 6. Bc4 b5 7. Bb3 Nge7 8.
Bg5 f6 9. Be3 Nxd4 10. Bxd4 Nc6 11. Qh5+ g6 12. Qd1 Bb4 13. a3 Nxd4 14. Qxd4
Bxc3+ 15. Qxc3 Bb7 16. O-O-O Rc8 17. Qe3 Qc7 18. Qd4 Qf4+ 19. Kb1 Bc6 20. f3
O-O 21. Qd3 Qb8 22. h3 a5 23. Qd4 b4 24. a4 Qf4 25. Qf2 f5 26. g3 Qc7 27. Qe3
Qxg3 28. exf5 Qxf3 29. Rde1 Qxe3 30. Rxe3 Bxh1 31. fxe6 Rf1+ 32. Ka2 d5 33. e7
Re8 34. h4 Kf7 35. Rd3 Rxe7 36. Bxd5+ Bxd5+ 37. Rxd5 Rf5 0-1

[Event "4. Mem- Oliver Gonzalez 2015 - Torneo B"]
[Site "Madrid ESP"]
[Date "2015.10.10"]
[Round "1.12"]
[White "Lavayen Torres, Leonardo"]
[Black "Di Pietro Moreno, Fatima"]
[Result "0-1"]
[WhiteElo "1071"]
[BlackElo "1372"]
[PlyCount "94"]
[EventDate "2015.10.10"]
[EventType "swiss"]
[EventRounds "9"]
[EventCountry "ESP"]
[Source "lmi"]
[SourceDate "2015.10.10"]

1. e4 e6 2. d4 d5 3. Nd2 Nf6 4. e5 Nfd7 5. c3 c5 6. Bd3 Nc6 7. Ne2 Qb6 8. Nf3
cxd4 9. cxd4 Be7 10. O-O O-O 11. Nf4 Nb4 12. Re1 Nxd3 13. Qxd3 Qd8 14. Bd2 Re8
15. Re3 Nf8 16. Rae1 Bd7 17. a3 Qb6 18. Bc3 Bb5 19. Qc2 Rac8 20. Qb1 a5 21. b4
a4 22. Rc1 h6 23. Bd2 Nh7 24. Rec3 Rxc3 25. Rxc3 Ng5 26. Nxg5 Bxg5 27. Rg3 Qxd4
28. Qc1 Qxe5 29. h3 Qd6 30. Nh5 e5 31. Bxg5 hxg5 32. Qxg5 Qg6 33. Qxg6 fxg6 34.
Rxg6 Re7 35. Rd6 Bc4 36. g3 Kf7 37. f4 e4 38. f5 e3 39. f6 e2 40. fxe7 e1=Q+
41. Kg2 Qe2+ 42. Kg1 Qxe7 43. Rb6 Qe3+ 44. Kh1 Qxb6 45. Nf4 Qf2 46. Ng2 Bf1 47.
Nh4 g5 0-1

[Event "4. Mem- Oliver Gonzalez 2015 - Torneo B"]
[Site "Madrid ESP"]
[Date "2015.10.10"]
[Round "1.13"]
[White "Tateo, Ida"]
[Black "Lacaci Otero, Ivan"]
[Result "0-1"]
[WhiteElo "1276"]
[BlackElo "1703"]
[PlyCount "30"]
[EventDate "2015.10.10"]
[EventType "swiss"]
[EventRounds "9"]
[EventCountry "ESP"]
[Source "lmi"]
[SourceDate "2015.10.10"]

1. e4 d6 2. d4 Nf6 3. Nc3 g6 4. Nf3 Bg7 5. h3 O-O 6. Be3 c6 7. Qd2 Re8 8. Bh6
Bh8 9. O-O-O Qa5 10. Kb1 b5 11. Bd3 e5 12. d5 b4 13. Bc4 bxc3 14. Qxc3 Qxc3 15.
bxc3 Nxe4 0-1

[Event "4. Mem- Oliver Gonzalez 2015 - Torneo B"]
[Site "Madrid ESP"]
[Date "2015.10.10"]
[Round "1.14"]
[White "Benitez Cadenas, Luis Miguel"]
[Black "Mascunano Torres, Antonio"]
[Result "1-0"]
[WhiteElo "1690"]
[BlackElo "1788"]
[PlyCount "99"]
[EventDate "2015.10.10"]
[EventType "swiss"]
[EventRounds "9"]
[EventCountry "ESP"]
[Source "lmi"]
[SourceDate "2015.10.10"]

1. d4 Nf6 2. Nf3 e6 3. e3 c5 4. c3 a6 5. Bd3 d5 6. Ne5 Nc6 7. f4 cxd4 8. exd4
Nxe5 9. fxe5 Ne4 10. Qg4 h5 11. Qf3 Bd7 12. O-O Qe7 13. Bxe4 dxe4 14. Qxe4 Bc6
15. Qf4 Rh6 16. Nd2 Rg6 17. Nf3 Rg4 18. Qe3 g5 19. Bd2 f5 20. exf6 Qxf6 21.
Rae1 Bd5 22. b3 Bd6 23. Qd3 O-O-O 24. Re2 Rf8 25. Ref2 Be4 26. Qc4+ Kb8 27. Ne5
Bxe5 28. dxe5 Qxe5 29. Qe2 Rff4 30. Rxf4 gxf4 31. Rxf4 Qxf4 32. Bxf4+ Rxf4 33.
Qxh5 Rf8 34. Qh6 Rg8 35. g3 Rg6 36. Qf8+ Ka7 37. Qd6 Bf5 38. b4 Bh3 39. Qd4+
Kb8 40. Qh4 Bf5 41. a4 Rg4 42. Qd8+ Ka7 43. b5 axb5 44. axb5 Rc4 45. Qa5+ Kb8
46. b6 Kc8 47. Qa8+ Kd7 48. Qxb7+ Ke8 49. Qb8+ Kd7 50. Qa7+ 1-0

[Event "4. Mem- Oliver Gonzalez 2015 - Torneo B"]
[Site "Madrid ESP"]
[Date "2015.10.10"]
[Round "1.15"]
[White "Municio Zuniga, Jose"]
[Black "Giraldo Gerrero, Laureano"]
[Result "0-1"]
[WhiteElo "1786"]
[BlackElo "1674"]
[PlyCount "80"]
[EventDate "2015.10.10"]
[EventType "swiss"]
[EventRounds "9"]
[EventCountry "ESP"]
[Source "lmi"]
[SourceDate "2015.10.10"]

1. c4 Nf6 2. g3 c6 3. Bg2 d5 4. cxd5 cxd5 5. e3 Nc6 6. Ne2 e5 7. O-O Be7 8. d4
exd4 9. Nxd4 O-O 10. Nc3 Bb4 11. a3 Bxc3 12. bxc3 Re8 13. Rb1 Ne4 14. Qc2 Nxd4
15. cxd4 Bf5 16. Qb2 b6 17. Ra1 Rc8 18. f3 Nd6 19. Re1 Qd7 20. Qb3 Nc4 21. g4
Na5 22. Qd1 Bc2 23. Qe2 Nb3 24. Ra2 Nxc1 25. Rxc1 Bd3 26. Qd2 Rxc1+ 27. Qxc1
Rc8 28. Qd2 Qb5 29. h3 h6 30. Kh2 Bf1 31. f4 Bxg2 32. Kxg2 Qb1 33. h4 Rc1 34.
Rb2 Rg1+ 35. Kf3 Qf1+ 36. Qf2 Qh3+ 37. Ke2 Rg2 38. Kd3 Rxf2 39. Rxf2 Qxg4 40.
f5 Qxh4 0-1

[Event "4. Mem- Oliver Gonzalez 2015 - Torneo B"]
[Site "Madrid ESP"]
[Date "2015.10.11"]
[Round "2.1"]
[White "Marin Aso, Jose Luis"]
[Black "Cruz Monzon, Jose"]
[Result "1-0"]
[WhiteElo "1729"]
[BlackElo "1941"]
[PlyCount "81"]
[EventDate "2015.10.10"]
[EventType "swiss"]
[EventRounds "9"]
[EventCountry "ESP"]
[Source "lmi"]
[SourceDate "2015.10.10"]

1. e4 c5 2. Nc3 Nc6 3. Bc4 e6 4. a3 g6 5. Nf3 Bg7 6. O-O Nge7 7. Re1 O-O 8. d3
d5 9. Ba2 h6 10. Rb1 a6 11. exd5 exd5 12. Bf4 g5 13. Be5 Nxe5 14. Nxe5 Qd6 15.
d4 cxd4 16. Qxd4 Nc6 17. Nc4 Qxh2+ 18. Kxh2 Nxd4 19. Nxd5 Nxc2 20. Rec1 Nd4 21.
Ne7+ Kh8 22. Nb6 Bf5 23. Nxf5 Nxf5 24. Nxa8 Rxa8 25. Bxf7 Rf8 26. Bd5 Nd4 27.
Bxb7 Be5+ 28. Kh1 Rxf2 29. Bxa6 Nf5 30. Rd1 Ng3+ 31. Kg1 Rf6 32. Bb5 Bf4 33.
Rd8+ Kg7 34. Re1 Nf5 35. Rd7+ Kf8 36. Rd3 Nd6 37. Ba4 Nf7 38. g3 Bc7 39. Rf1
Bb6+ 40. Kg2 Re6 41. Rxf7+ 1-0

[Event "4. Mem- Oliver Gonzalez 2015 - Torneo B"]
[Site "Madrid ESP"]
[Date "2015.10.11"]
[Round "2.2"]
[White "Vazquez Gonzalez, Francisco"]
[Black "Lacaci Otero, Ivan"]
[Result "1-0"]
[WhiteElo "1929"]
[BlackElo "1703"]
[PlyCount "67"]
[EventDate "2015.10.10"]
[EventType "swiss"]
[EventRounds "9"]
[EventCountry "ESP"]
[Source "lmi"]
[SourceDate "2015.10.10"]

1. e4 d6 2. d4 Nf6 3. Nc3 g6 4. Bf4 Bg7 5. Nf3 Bg4 6. Be2 O-O 7. h3 Bxf3 8.
Bxf3 c6 9. O-O Nbd7 10. e5 dxe5 11. dxe5 Nd5 12. Bxd5 cxd5 13. Qxd5 e6 14. Qb5
Qc7 15. Rfe1 a6 16. Qe2 Rac8 17. Rad1 b5 18. a3 Nb6 19. Rc1 Nc4 20. b3 Nxa3 21.
Ne4 Nxc2 22. Red1 Rfd8 23. Rxd8+ Rxd8 24. Rxc2 Qa5 25. Nd6 Qa1+ 26. Rc1 Qd4 27.
Bg3 Bh6 28. Rd1 Qb4 29. Qf3 Rf8 30. Ne4 Rc8 31. Rd7 Qe1+ 32. Kh2 Rf8 33. Nd6 f5
34. exf6 1-0

[Event "4. Mem- Oliver Gonzalez 2015 - Torneo B"]
[Site "Madrid ESP"]
[Date "2015.10.11"]
[Round "2.3"]
[White "Giraldo Gerrero, Laureano"]
[Black "Villacorta Nicolas, David"]
[Result "0-1"]
[WhiteElo "1674"]
[BlackElo "1928"]
[PlyCount "54"]
[EventDate "2015.10.10"]
[EventType "swiss"]
[EventRounds "9"]
[EventCountry "ESP"]
[Source "lmi"]
[SourceDate "2015.10.10"]

1. e4 e5 2. Nf3 Nc6 3. d4 exd4 4. Bc4 Bc5 5. Ng5 Nh6 6. Nxf7 Nxf7 7. Bxf7+ Kxf7
8. Qh5+ g6 9. Qxc5 d6 10. Qa3 Re8 11. O-O Kg7 12. Nd2 Ne5 13. h3 c5 14. Qg3 Be6
15. f4 Nc4 16. Nf3 Ne3 17. Bxe3 dxe3 18. b3 Kh8 19. Ng5 e2 20. Qc3+ Kg8 21. Rf2
h6 22. Nxe6 Rxe6 23. Qc4 d5 24. Qxe2 Rxe4 25. Qf3 Qf6 26. Raf1 Rf8 27. c4 Qd4
0-1

[Event "4. Mem- Oliver Gonzalez 2015 - Torneo B"]
[Site "Madrid ESP"]
[Date "2015.10.11"]
[Round "2.4"]
[White "Laynez Aspenberg, Jose"]
[Black "Benitez Cadenas, Luis Miguel"]
[Result "1-0"]
[WhiteElo "1858"]
[BlackElo "1690"]
[PlyCount "113"]
[EventDate "2015.10.10"]
[EventType "swiss"]
[EventRounds "9"]
[EventCountry "ESP"]
[Source "lmi"]
[SourceDate "2015.10.10"]

1. d4 Nf6 2. c4 e5 3. dxe5 Ng4 4. Nh3 Nxe5 5. e3 Bb4+ 6. Bd2 Bxd2+ 7. Qxd2 d6
8. Nf4 Nbd7 9. Be2 O-O 10. Nc3 Nb6 11. b3 Bg4 12. O-O Qg5 13. Bxg4 Qxg4 14. Qe2
Qxe2 15. Nfxe2 Ng4 16. Rad1 a6 17. Rd4 Nf6 18. Rfd1 Rfe8 19. Nf4 Re5 20. h3
Rae8 21. Nd3 R5e7 22. c5 dxc5 23. Nxc5 c6 24. Rb4 Nfd5 25. Nxd5 Nxd5 26. Rxb7
Rxb7 27. Nxb7 Nc3 28. Rd2 Rb8 29. Na5 c5 30. Nc6 Ra8 31. Rc2 Ne4 32. f3 Nf6 33.
Rxc5 Kf8 34. Nd4 a5 35. Kf2 Nd7 36. Rb5 a4 37. b4 Rb8 38. Rxb8+ Nxb8 39. Ke2
Na6 40. a3 g6 41. Kd3 Ke7 42. Kc4 Nc7 43. b5 Kd6 44. e4 h5 45. b6 Na6 46. Kb5
Nc5 47. Kc4 Nb7 48. g3 Na5+ 49. Kb4 Nb7 50. Kxa4 Kc5 51. Nb3+ Kxb6 52. Kb4 Nd8
53. Kc4 Kc6 54. Kd4 Kd6 55. e5+ Kc6 56. Kc4 Ne6 57. Nd4+ 1-0

[Event "4. Mem- Oliver Gonzalez 2015 - Torneo B"]
[Site "Madrid ESP"]
[Date "2015.10.11"]
[Round "2.5"]
[White "Caravantes Camacho, Fernando"]
[Black "Brana Pastor, Carlos"]
[Result "0-1"]
[WhiteElo "1613"]
[BlackElo "1858"]
[PlyCount "100"]
[EventDate "2015.10.10"]
[EventType "swiss"]
[EventRounds "9"]
[EventCountry "ESP"]
[Source "lmi"]
[SourceDate "2015.10.10"]

1. e4 e6 2. d4 d5 3. e5 c5 4. c3 Nc6 5. Nf3 Bd7 6. Be2 Qb6 7. a3 Nh6 8. b4 cxb4
9. cxb4 Nf5 10. Be3 Be7 11. O-O Rc8 12. g4 Nxe3 13. fxe3 f6 14. Nc3 Nxd4 15.
Qxd4 Qxd4 16. exd4 Rxc3 17. Rfc1 Rxc1+ 18. Rxc1 Bd8 19. b5 Bb6 20. Kg2 Ke7 21.
Bd3 h6 22. a4 Rc8 23. Rxc8 Bxc8 24. Kg3 a6 25. Kh4 axb5 26. axb5 Bd7 27. exf6+
Kxf6 28. Kg3 Be8 29. Kf4 Bc7+ 30. Ke3 Bg6 31. Bxg6 Kxg6 32. h3 Kf6 33. Nd2 e5
34. dxe5+ Kxe5 35. Nf3+ Kd6 36. Nh4 Kc5 37. Nf5 Be5 38. Ne7 d4+ 39. Ke4 Bf6 40.
Nd5 d3 41. Ne3 d2 42. Kd3 Kxb5 43. Kc2 Bg5 44. Nf5 g6 45. Ng7 Kc4 46. Ne6 b5
47. Nf8 b4 48. Nxg6 b3+ 49. Kd1 b2 50. Ne5+ Kc3 0-1

[Event "4. Mem- Oliver Gonzalez 2015 - Torneo B"]
[Site "Madrid ESP"]
[Date "2015.10.11"]
[Round "2.6"]
[White "Di Pietro Moreno, Fatima"]
[Black "Merino Araguas, Jose Javier"]
[Result "1/2-1/2"]
[WhiteElo "1372"]
[BlackElo "1734"]
[PlyCount "83"]
[EventDate "2015.10.10"]
[EventType "swiss"]
[EventRounds "9"]
[EventCountry "ESP"]
[Source "lmi"]
[SourceDate "2015.10.10"]

1. d4 e6 2. Bf4 Nf6 3. Nf3 d5 4. e3 c5 5. c3 Nc6 6. Nbd2 Bd6 7. Ne5 Bxe5 8.
dxe5 Nd7 9. Nf3 O-O 10. Bd3 Qc7 11. Bxh7+ Kh8 12. Ng5 g6 13. Qf3 Ndxe5 14.
Bxe5+ Qxe5 15. Nxf7+ Kxh7 16. Nxe5 Rxf3 17. Nxf3 Bd7 18. Rd1 Ne7 19. Ne5 Be8
20. Ng4 Kg7 21. b3 b6 22. Ne5 Kf6 23. f4 Rd8 24. Ke2 Nf5 25. e4 Ne7 26. h4 d4
27. cxd4 cxd4 28. a4 a5 29. Rd2 b5 30. axb5 Bxb5+ 31. Nd3 Nc6 32. Kf3 Bxd3 33.
Rxd3 Nb4 34. e5+ Kg7 35. Rd2 d3 36. Rhd1 Kf7 37. g4 Kg7 38. Rh1 Nc2 39. Ke4
Rd4+ 40. Kf3 Rd7 41. Rb1 Nb4 42. Ke4 1/2-1/2

[Event "4. Mem- Oliver Gonzalez 2015 - Torneo B"]
[Site "Madrid ESP"]
[Date "2015.10.11"]
[Round "2.7"]
[White "Baldwin Del Castillo, Ricardo"]
[Black "Tobaruela Garcia, Francisco H"]
[Result "1/2-1/2"]
[WhiteElo "1980"]
[BlackElo "1688"]
[PlyCount "82"]
[EventDate "2015.10.10"]
[EventType "swiss"]
[EventRounds "9"]
[EventCountry "ESP"]
[Source "lmi"]
[SourceDate "2015.10.10"]

1. e4 c5 2. Nf3 Nc6 3. d4 cxd4 4. Nxd4 g6 5. Bc4 Bg7 6. Be3 Nf6 7. Nc3 O-O 8.
h4 e6 9. Be2 d5 10. Nxc6 bxc6 11. e5 Nd7 12. f4 Qa5 13. h5 Nc5 14. Bd2 Qd8 15.
Bf3 Bb7 16. Qe2 Qb6 17. O-O-O Rab8 18. b3 Ba6 19. Qe1 Qb4 20. Kb1 Na4 21. Nxd5
Qa3 22. Bc1 Qc5 23. Qe3 cxd5 24. Qxc5 Nxc5 25. Ba3 Rfc8 26. hxg6 fxg6 27. g4
Bf8 28. f5 Bb7 29. Bxc5 Rxc5 30. fxe6 Re8 31. b4 Rb5 32. c3 Rxe6 33. a4 Rbb6
34. a5 Rb5 35. Be2 Bc6 36. Bxb5 Bxb5 37. Rxd5 Bc6 38. Rhd1 Bxd5 39. Rxd5 h5 40.
gxh5 gxh5 41. b5 h4 1/2-1/2

[Event "4. Mem- Oliver Gonzalez 2015 - Torneo B"]
[Site "Madrid ESP"]
[Date "2015.10.11"]
[Round "2.8"]
[White "Menendez Hernandez, Jose"]
[Black "Tevar Becerra, Alvaro"]
[Result "1-0"]
[WhiteElo "1845"]
[BlackElo "1682"]
[PlyCount "45"]
[EventDate "2015.10.10"]
[EventType "swiss"]
[EventRounds "9"]
[EventCountry "ESP"]
[Source "lmi"]
[SourceDate "2015.10.10"]

1. e4 e5 2. Nf3 Nc6 3. Bc4 g6 4. d3 Bg7 5. Nc3 Nge7 6. a3 O-O 7. Bg5 h6 8. Bh4
d6 9. Qd2 Bg4 10. O-O-O g5 11. Bg3 Nd4 12. Qe3 Kh8 13. h4 gxh4 14. Rxh4 Bxf3
15. gxf3 Kh7 16. Rdh1 Ng8 17. f4 b5 18. Ba2 exf4 19. Bxf4 Qf6 20. Nd5 Ne2+ 21.
Kd2 Qxb2 22. Bxh6 Nxh6 23. Rxh6+ 1-0